Contemporary politics in assam (Record no. 11256)
[ view plain ]
| 000 -LEADER | |
|---|---|
| fixed length control field | 00495nam a22001937a 4500 |
| 005 - DATE AND TIME OF LATEST TRANSACTION | |
| control field | 20211221124339.0 |
| 008 - FIXED-LENGTH DATA ELEMENTS--GENERAL INFORMATION | |
| fixed length control field | 211221b ||||| |||| 00| 0 eng d |
| 020 ## - INTERNATIONAL STANDARD BOOK NUMBER | |
| International Standard Book Number | 9789391060473 |
| 040 ## - CATALOGING SOURCE | |
| Original cataloging agency | IN-DiNC |
| Transcribing agency | IN-DiNC |
| 041 ## - LANGUAGE CODE | |
| Language code of sung or spoken text | English |
| 082 ## - DEWEY DECIMAL CLASSIFICATION NUMBER | |
| Classification number | 320.954162 |
| Item number | DAS |
| 100 ## - MAIN ENTRY--PERSONAL NAME | |
| Personal name | Das Deepan |
| Relator term | Author |
| 245 ## - TITLE STATEMENT | |
| Title | Contemporary politics in assam |
| Statement of responsibility, etc. | by Deepan Das |
| 250 ## - EDITION STATEMENT | |
| Edition statement | 1st ed. |
| 260 ## - PUBLICATION, DISTRIBUTION, ETC. | |
| Place of publication, distribution, etc. | Dibrugarh |
| Name of publisher, distributor, etc. | Banalata |
| Date of publication, distribution, etc. | 2021 |
| 300 ## - PHYSICAL DESCRIPTION | |
| Extent | 231p. |
| 650 ## - SUBJECT ADDED ENTRY--TOPICAL TERM | |
| Topical term or geographic name entry element | Politics in assam |
| 942 ## - ADDED ENTRY ELEMENTS (KOHA) | |
| Source of classification or shelving scheme | Dewey Decimal Classification |
| Koha item type | Books |
| Withdrawn status | Lost status | Source of classification or shelving scheme | Damaged status | Not for loan | Collection code | Home library | Current library | Shelving location | Date acquired | Cost, normal purchase price | Total Checkouts | Full call number | Barcode | Date last seen | Date last checked out | Copy number | Price effective from | Koha item type |
|---|---|---|---|---|---|---|---|---|---|---|---|---|---|---|---|---|---|---|
| Dewey Decimal Classification | Political Science | Central Library, Naharkatiya College | Central Library, Naharkatiya College | General Stacks | 21/12/2021 | 180.00 | 1 | 320.954162 DAS | 28780 | 28/11/2023 | 19/06/2023 | 1 | 21/12/2021 | Books | ||||
| Dewey Decimal Classification | Political Science | Central Library, Naharkatiya College | Central Library, Naharkatiya College | General Stacks | 21/12/2021 | 180.00 | 5 | 320.954162 DAS | 28781 | 26/08/2023 | 19/06/2023 | 2 | 21/12/2021 | Books | ||||
| Dewey Decimal Classification | Political Science | Central Library, Naharkatiya College | Central Library, Naharkatiya College | General Stacks | 21/12/2021 | 180.00 | 320.954162 DAS | 28782 | 21/12/2021 | 3 | 21/12/2021 | Books |
